000 00606nas a2200217 4500
001 BR8305015
003 BR-BrBNA
005 20231205085703.0
007 ta
008 230509b bl.|||p| |||| 00| 00por d
040 _aBR-BrBNA
_bpor
_cBiblioteca Nacional de Agricultura
041 _a(Pt)
072 _aL72
100 1 _aSantos, S.M.
245 1 _aTricomonose bovina [doenca animal]
650 _aBOVINO
650 _aTRICOMONOSE
773 0 _tBalde Branco (Brazil)
_xISSN 0005-4275
_g(Feb 1983), v. 18(220) p. 29-31
_wBR8305015
909 _a202311
_bLúcia
_c55
_dLúcia Elande
942 _2AGRIS
_n0
_cANA
999 _c113077
_d113077